Score 0/20 Timer 02:00
0 Plays Today
Hint Answer % Correct
Hips ________ LieDon't
92.3%
_________ Like YouSomeone
90.8%
Hey _______ SisterSoul
88.7%
Billie ________Jean
88.2%
Moves Like ________Jagger
85%
Pumped ________ KicksUp
84%
I ______ It That WayWant
83.1%
________ Friday NightLast
82.4%
Bad __________Romance
82.2%
_________ Rock AnthemParty
77.2%
Hint Answer % Correct
Your Love Is My ________Drug
73.4%
________ BoiSk8er
68.8%
If I ______ YoungDie
67.3%
_________ GirlMaterial
58.3%
________ Than The SunBrighter
56.5%
________ TagPrice
53.9%
Back to ________Black
47.6%
________ HeartsStereo
44.3%
It's ________ Be MeGonna
41.8%
________ of MePiece
35.4%

Today's Daily Dose

You're not logged in!

Compare scores with friends on all Sporcle quizzes.
OR
Log In

Sporcle TV

Today on Sporcle TV


Watch our educational content, quiz creation guides, and fun videos on Sporcle TV.

Show Comments

Extras

Top Quizzes Today


Score Distribution

Your Account Isn't Verified!

In order to create a playlist on Sporcle, you need to verify the email address you used during registration. Go to your Sporcle Settings to finish the process.

Report this User

Report this user for behavior that violates our Community Guidelines.

Details: